00882nam a2200205 a 4500001001000000003000500010005001700015008004100032010001100073011001100084040000900095100003100104245020000135260004100335500006000376502008500436650003900521650004600560856007000606000116134CHAP20220329144602.0190918s2019 mx a |sm |||||||spa d a112595 a113567 cCHAP1 aPeña Rodríguez, Isaac.10aEstudio de la diversidad genética de Colletotrichum spp. que afecta al cultivo de la fresa el la zona centro México (Jalisco, Puebla, Michoacán)h[En línea]cpor Isaac Peña Rodríguez. aChapingo, Méx. :bEl autor,c2019. aPara ver el contenido del material haga clic en la liga aTesis (Agrónomo en Horticultura Protegida) -- UACH. Departamento de Fitotecnia14aCultivosxEnfermedades por hongos.14aHongos fitopatógenosxIdentificación. aFinding aiduhttp://10.13.5.2/tesis/sist116134.pdfzTeclea aquí